Kapacitní propočty v průmyslu
Salvato in:
| Autore principale: | |
|---|---|
| Natura: | Libro |
| Lingua: | lingua imprecisata |
| Pubblicazione: |
Praha
SNTL
1981
|
| Edizione: | 1. vyd. |
| Accesso online: | Visualizza in OPAC |
| Tags: |
Nessun Tag, puoi essere il primo ad aggiungerne!!
|
MARC
| LEADER | 00000nam a2200000 a 4500 | ||
|---|---|---|---|
| 005 | 20260127134328.0 | ||
| 008 | 030412s1981 xx 0 und c | ||
| 035 | |a vtls001452149 | ||
| 035 | |a SNK000407456 | ||
| 039 | 9 | |a 200809221059 |b mschk03 |y 200412300310 |z VLOAD | |
| 040 | |a SNK |b slo |c SNK |d STUSCHK1 |e AACR2 | ||
| 100 | 1 | |a Mrázek, Otakar | |
| 245 | 1 | |a Kapacitní propočty v průmyslu | |
| 250 | |a 1. vyd. | ||
| 260 | |a Praha |b SNTL |c 1981 | ||
| 300 | |a 193 s. | ||
| 910 | |a SCHK95 | ||
| 999 | |c 9999 |d 9999 | ||